Prieskum trhu: Tak zistíte spokojnosť vašich zákazníkov

Zisťovanie spokojnosti zákazníkov - podklad pre dôsledný kvalitatívny manažment. Koncipovanie dotazníka na zisťovanie spokojnosti zákazníkov. Odhaľovanie nedostatkov zistených pri analýze spokojnosti.

Saved in:
Bibliographic Details
Format: Book Chapter
Language:Slovak
Subjects:
Tags: Add Tag
No Tags, Be the first to tag this record!

MARC

LEADER 00000naa a2200000 4500
001 r016237
005 20221213113910.4
041 0 |a slo 
044 |a SK 
245 1 0 |a Prieskum trhu: Tak zistíte spokojnosť vašich zákazníkov 
520 |a Zisťovanie spokojnosti zákazníkov - podklad pre dôsledný kvalitatívny manažment. Koncipovanie dotazníka na zisťovanie spokojnosti zákazníkov. Odhaľovanie nedostatkov zistených pri analýze spokojnosti. 
610 2 0 |a zákazníci 
610 2 0 |a prieskum trhu 
610 2 0 |a dotazníky 
610 2 0 |a spokojnosť zákazníkov